Systems analysis and design / (Record no. 17756)

MARC details
000 -LEADER
fixed length control field 00799cac a22002291u 4500
008 - FIXED-LENGTH DATA ELEMENTS--GENERAL INFORMATION
fixed length control field 081214t2014 nju|||||r|||| 00| 0 eng d
020 ## - INTERNATIONAL STANDARD BOOK NUMBER
International Standard Book Number 0273787101
020 ## - INTERNATIONAL STANDARD BOOK NUMBER
International Standard Book Number 9780273787105
082 00 - DEWEY DECIMAL CLASSIFICATION NUMBER
Classification number 004.21
Item number KEN
Edition number 22
100 ## - MAIN ENTRY--PERSONAL NAME
Personal name Kendall, Kenneth E.,
9 (RLIN) 18053
245 10 - TITLE STATEMENT
Title Systems analysis and design /
Statement of responsibility, etc Kenneth E. Kendall, Julie E. Kendall.
250 ## - EDITION STATEMENT
Edition statement 9th ed.
260 ## - PUBLICATION, DISTRIBUTION, ETC. (IMPRINT)
Place of publication, distribution, etc Upper Saddle River, NJ :
Name of publisher, distributor, etc Pearson/Prentice Hall,
Date of publication, distribution, etc c2014.
300 ## - PHYSICAL DESCRIPTION
Extent 546 p. :
Other physical details col. ill. ;
Dimensions 28 cm.
504 ## - BIBLIOGRAPHY, ETC. NOTE
Bibliography, etc Includes bibliographical references and index.
650 #0 - SUBJECT ADDED ENTRY--TOPICAL TERM
Topical term or geographic name as entry element System design.
9 (RLIN) 18054
650 #0 - SUBJECT ADDED ENTRY--TOPICAL TERM
Topical term or geographic name as entry element System analysis.
9 (RLIN) 18055
650 #0 - SUBJECT ADDED ENTRY--TOPICAL TERM
Topical term or geographic name as entry element Systems programming (Computer science)
9 (RLIN) 18056
653 ## - INDEX TERM--UNCONTROLLED
Resource For college
Arrived date list November2013
700 1# - ADDED ENTRY--PERSONAL NAME
Personal name Kendall, Julie E.,
Dates associated with a name 1952-
9 (RLIN) 18057
942 ## - ADDED ENTRY ELEMENTS (KOHA)
Item type Book - Borrowing
Call number prefix 004.21 KEN
Source of classification or shelving scheme Dewey Decimal Classification
Holdings
Withdrawn status Item status Source of classification or shelving scheme Damaged status Not for loan Vendor Home library Current library Shelving location Date acquired Source of acquisition Total Checkouts Full call number Barcode Date last seen Koha item type
    Dewey Decimal Classification     Baccah Central Library Central Library Lower Floor 12/11/2013     004.21 KEN 000035065 15/07/2025 NB - Book (Non borrowing)
    Dewey Decimal Classification     Baccah Central Library Central Library Lower Floor 12/11/2013     004.21 KEN 000035066 15/07/2025 Book - Borrowing
    Dewey Decimal Classification     Baccah Central Library Central Library Lower Floor 12/11/2013     004.21 KEN 000035067 15/07/2025 Book - Borrowing